000 00855nas a2200277 4500
001 BR0301976
003 BR-BrBNA
005 20231205103717.0
007 ta
008 230509b bl.|||p| |||| 00| 00por d
040 _aBR-BrBNA
_bpor
_cBiblioteca Nacional de Agricultura
041 _a(En)
072 _aL01
100 1 _aSousa, L.A.
100 1 _aPereira, T. de O.
100 1 _aPrezoto, F.
100 1 _aFariamucci, G.M.
245 1 _aNest foundation and diversity of Meliponini (Hymenoptera, Apidae)in an urban area of the municipality of Juiz de Fora, MG, Brazil
650 _aABELHA INDÍGENA
650 _aNINHO
650 _aCIDADE
650 _aMINAS GERAIS
773 0 _tBioscience Journal (Brazil)
_xISSN 1516-3725
_g(Dec 2002), v. 18(2) p. 59-65
_wBR0301976
909 _a202311
_bLúcia
_c55
_dLúcia Elande
942 _2AGRIS
_n0
_cANA
999 _c174329
_d174329